| 000 | 00560cam a22002291 4500 | ||
|---|---|---|---|
| 001 | 10258877 | ||
| 005 | 20180306062746.0 | ||
| 008 | 740612s1952 gw a b 000 0 eng | ||
| 010 | _a 54000272 | ||
| 035 | _a(OCoLC)916929 | ||
| 040 |
_aDLC _cMeWC _dNSbSU _dDLC |
||
| 041 | _aeng | ||
| 042 | _apremarc | ||
| 080 | _a724.91 bru | ||
| 082 | _a724.91 bru | ||
| 100 | 1 | _a41 | |
| 101 | _aart | ||
| 245 | 1 | 0 | _aModern architecture in Germany. |
| 504 | _aBibliography: p. 79. | ||
| 906 |
_a7 _bcbc _coclcrpl _du _encip _f19 _gy-gencatlg |
||
| 942 |
_2ddc _cBK |
||
| 999 |
_c44160 _d44160 |
||